<?xml version="1.0" encoding="UTF-8"?>
<record
    xmlns:xsi="http://www.w3.org/2001/XMLSchema-instance"
    xsi:schemaLocation="http://www.loc.gov/MARC21/slim http://www.loc.gov/standards/marcxml/schema/MARC21slim.xsd"
    xmlns="http://www.loc.gov/MARC21/slim">

  <leader>00431nam a2200145Ia 4500</leader>
  <controlfield tag="008">230718s9999    xx            000 0 und d</controlfield>
  <datafield tag="041" ind1=" " ind2=" ">
    <subfield code="a">eng</subfield>
  </datafield>
  <datafield tag="082" ind1=" " ind2=" ">
    <subfield code="a">621.37</subfield>
    <subfield code="b">THE</subfield>
  </datafield>
  <datafield tag="100" ind1=" " ind2=" ">
    <subfield code="a">Theraja B.L.</subfield>
    <subfield code="9">126181</subfield>
  </datafield>
  <datafield tag="245" ind1=" " ind2=" ">
    <subfield code="a">Textbook Of Electrical Technology Vol.I</subfield>
    <subfield code="b">Basic Electrical Engineering</subfield>
  </datafield>
  <datafield tag="260" ind1=" " ind2=" ">
    <subfield code="b">S. Chand Pub</subfield>
  </datafield>
  <datafield tag="365" ind1=" " ind2=" ">
    <subfield code="c">Rs.</subfield>
    <subfield code="b">415.00</subfield>
  </datafield>
  <datafield tag="700" ind1=" " ind2=" ">
    <subfield code="a">Theraja B.L. &amp; Theraja A.K.</subfield>
  </datafield>
  <datafield tag="906" ind1=" " ind2=" ">
    <subfield code="d">B:451320-Aug-2008</subfield>
    <subfield code="c">ALLEDS</subfield>
    <subfield code="b">62.25</subfield>
  </datafield>
  <datafield tag="999" ind1=" " ind2=" ">
    <subfield code="c">319175</subfield>
    <subfield code="d">319175</subfield>
  </datafield>
  <datafield tag="952" ind1=" " ind2=" ">
    <subfield code="0">0</subfield>
    <subfield code="1">0</subfield>
    <subfield code="4">0</subfield>
    <subfield code="7">0</subfield>
    <subfield code="a">CCEP</subfield>
    <subfield code="b">CCEP</subfield>
    <subfield code="d">2008-08-26</subfield>
    <subfield code="e">Varma Book Distributors</subfield>
    <subfield code="f">ALLEDS</subfield>
    <subfield code="g">352.75</subfield>
    <subfield code="i">4513</subfield>
    <subfield code="l">4</subfield>
    <subfield code="o">621.37</subfield>
    <subfield code="p">CCEP-BK-30382</subfield>
    <subfield code="r">2024-01-30 00:00:00</subfield>
    <subfield code="s">2024-01-16</subfield>
    <subfield code="t">62.25</subfield>
    <subfield code="v">415.00</subfield>
    <subfield code="w">2008-08-20</subfield>
    <subfield code="y">BK</subfield>
    <subfield code="z">030382</subfield>
  </datafield>
</record>
